000 01079nam a22002777a 4500
999 _c14113
_d14113
003 AR-CdUCM
008 190422b ||||| |||| 00| 0 spa d
040 _aMUNICIPALIDAD PROVINCIAL DEL CUSCO
_cBIBLIOTECA MUNICIPAL DEL CUSCO
082 _aC / 985.61 /
_bL88
100 _aLovon Zavala, Gerardo
_95616
245 _aInvestigación sobre desarrollo regional Cusco 1950 - 1980 :
_b5.10 informe: sector educación /
260 _aCusco :
_bCBC,
_c1981.
300 _a251 páginas ;
_bimágenes, cuadros.
_c22 cm.
440 _aDocumentos de trabajo
_n5
_932752
505 _aPoblación en el Perú y en Cusco: análisis e interpretación -- Las migraciones en el departamento un análisis local y regional -- Población escolar...
650 _a1950.
_932745
650 _aCusco.
_9772
650 _aDesarrollo regional.
_922942
650 _aPoblación.
_93673
650 _aSector financiero.
_932763
650 _aSector turismo.
_932766
650 _aEducación.
_9460
700 _aVega Ganoza, Juan Fernando
_932746
942 _2ddc
_cLIBROS
945 _awfj
_d2019-04-22